LEADER 02883nam 2200745 450 001 9910788828003321 005 20230807211018.0 010 $a3-11-038363-2 010 $a3-11-034329-0 024 7 $a10.1515/9783110343298 035 $a(CKB)3360000000515152 035 $a(EBL)1575467 035 $a(SSID)ssj0001535904 035 $a(PQKBManifestationID)11800486 035 $a(PQKBTitleCode)TC0001535904 035 $a(PQKBWorkID)11507994 035 $a(PQKB)11773535 035 $a(MiAaPQ)EBC1575467 035 $a(DE-B1597)245985 035 $a(OCoLC)1029820525 035 $a(OCoLC)1032690506 035 $a(OCoLC)911847216 035 $a(OCoLC)953325894 035 $a(DE-B1597)9783110343298 035 $a(Au-PeEL)EBL1575467 035 $a(CaPaEBR)ebr11072615 035 $a(CaONFJC)MIL802030 035 $a(OCoLC)913796986 035 $a(EXLCZ)993360000000515152 100 $a20150716h20152015 uy 0 101 0 $ager 135 $aur|n|---||||| 181 $ctxt 182 $cc 183 $acr 200 10$aDaniel von dem Blu?henden Tal /$fDer Stricker ; herausgegeben von Michael Resler 205 $a3., u?berarbeitete Auflage. 210 1$aBerlin, Germany ;$aBoston, Massachusetts :$cDe Gruyter,$d2015. 210 4$dİ2015 215 $a1 online resource (350 p.) 225 1 $aAltdeutsche Textbibliothek,$x0342-6661 ;$v92 300 $aDescription based upon print version of record. 311 $a3-11-034328-2 320 $aIncludes bibliographical references. 327 $tFrontmatter -- $tInhalt -- $tVorwort zur ersten Auflage -- $tVorwort zur zweiten Auflage -- $tVorwort zur dritten Auflage -- $tEinleitung -- $tAbkürzungen -- $tAuswahlbibliographie -- $t1 - 5205 -- $t5210 - 8480 -- $tVerzeichnis der Eigennamen 330 $a This critical edition of Daniel, one of the earliest post-classical Arthurian romances, includes the normalized Middle High German text with an introduction, selected bibliography, index of proper names, and a reproduction of the first verse of the original manuscript. In addition to the textual-critical apparatus, the third edition includes a second apparatus with linguistic explanations intended to ease access to the text. 410 0$aAltdeutsche Textbibliothek ;$v92. 606 $aArthurian romances$vSources 606 $aRomances$vTranslations into English 610 $aArthurian romance. 610 $aMiddle High German literature. 610 $aliterary history. 615 0$aArthurian romances 615 0$aRomances 676 $a809.93351 686 $aGF 5432$2rvk 700 $aStricker$b Der$0458761 702 $aResler$b Michael 801 0$bMiAaPQ 801 1$bMiAaPQ 801 2$bMiAaPQ 906 $aBOOK 912 $a9910788828003321 996 $aDaniel von dem Blühenden Tal$9174278 997 $aUNINA LEADER 03255nam 22006135 450 001 9910309741303321 005 20260415125529.0 010 $a3-11-057366-0 024 7 $a10.1515/9783110573664 035 $a(CKB)4100000006520107 035 $a(WaSeSS)IndRDA00125549 035 $a(DE-B1597)489234 035 $a(OCoLC)1054879931 035 $a(DE-B1597)9783110573664 035 $aEBL7015104 035 $a(AU-PeEL)EBL7015104 035 $a(oapen)https://directory.doabooks.org/handle/20.500.12854/32335 035 $a(MiAaPQ)EBC7015104 035 $a(oapen)doab32335 035 $a(EXLCZ)994100000006520107 100 $a20190723d2018 fg 101 0 $ager 135 $aur||||||||||| 181 $ctxt$2rdacontent 182 $cc$2rdamedia 183 $acr$2rdacarrier 200 10$aSprachliche Muster $eEine induktive korpuslinguistische Analyse wissenschaftlicher Texte /$fSarah Brommer 210 1$aBerlin ;$aBoston :$cDe Gruyter,$d[2018] 210 4$dİ2018 215 $a1 online resource (xvi, 422 pages) 225 0 $aEmpirische Linguistik / Empirical Linguistics ;$v10 300 $aDescription based upon print version of record. 311 08$a3-11-057365-2 327 $t1. Einleitung --$tI. Theoretischer Teil: Wissenschaftssprache und Musterhaftigkeit --$t2. Untersuchungsgegenstand ,Wissenschaftssprache' --$t3. Muster und Musterhaftigkeit --$tII. Empirischer Teil: Methode, Korpus, Datenauswertung --$t4. Korpuslinguistische Methodologie und Mustererkennung aus statistischer Sicht --$t5. Korpus und methodisches Vorgehen --$t6. Auswertung - das Typikprofil ,wissenschaftlicher Aufsatz' --$tIII. Theoretische Verortung der Ergebnisse und Fazit --$t7. Theoretische Verortung der Ergebnisse --$t8. Fazit --$tLiteraturverzeichnis --$tAnhang --$tRegister 330 $aDie Studie arbeitet den musterhaften Sprachgebrauch in wissenschaftlichen Texten heraus und beschreibt auf der Basis einer datengeleiteten Korpusanalyse den Wissenschaftsstil auf formaler und pragmatischer Ebene. Mit der theoretischen Einbettung in mehrere linguistische Teildisziplinen leistet das Buch einen wichtigen Beitrag zur Textsortenforschung, zur Normendiskussion und zur Schreibforschung. 330 $aThe study examines patterns of language usage in scientific texts and describes the academic style based on a data-derived corpus analysis at the formal and pragmatic levels. Theoretically grounded in multiple linguistic subdisciplines, the book offers an important contribution to the description of text types, the discussion of norms, and research on writing. 410 0$aEmpirische Linguistik ;$vBd. 10. 606 $aGerman language$xStyle 606 $aAcademic writing 606 $aCorpora (Linguistics) 606 $aDiscourse analysis 615 0$aGerman language$xStyle. 615 0$aAcademic writing. 615 0$aCorpora (Linguistics) 615 0$aDiscourse analysis. 676 $a410.188 700 $aBrommer$b Sarah$0325594 712 02$aSchweizerischer Nationalfonds (SNF)$4fnd$4http://id.loc.gov/vocabulary/relators/fnd 801 0$bDE-B1597 801 1$bDE-B1597 906 $aBOOK 912 $a9910309741303321 996 $aSprachliche Muster$91946235 997 $aUNINA